[Event "SportAccord Rapid w 2014"]
[Site "Beijing CHN"]
[Date "2014.12.11"]
[Round "1.1"]
[White "Koneru, Humpy"]
[Black "Kosintseva, Tatiana"]
[Result "0-1"]
[WhiteTitle "GM"]
[BlackTitle "GM"]
[WhiteElo "2581"]
[BlackElo "2483"]
[WhiteFideId "5008123"]
[BlackFideId "4133471"]
[EventDate "2014.12.11"]

1. d4 Nf6 2. c4 e6 3. Nf3 Bb4+ 4. Nbd2 O-O 5. a3 Be7 6. e4 d6 7. Qc2 Nbd7 8. Be2
c5 9. d5 Ng4 10. Nf1 exd5 11. cxd5 Bf6 12. N3d2 Nge5 13. Ne3 Ng6 14. Ndc4 Nde5
15. O-O Nf4 16. Nxe5 Nxe2+ 17. Qxe2 Bxe5 18. Nc4 Qe7 19. Re1 Re8 20. Bd2 Bd7 21.
Nxe5 Qxe5 22. Bc3 Qf4 23. b4 cxb4 24. axb4 f5 25. Qb2 Qg5 26. f4 Qxf4 27. Bxg7
Rxe4 28. Rxe4 Qxe4 29. Bh8 Qg4 30. h3 Qg6 31. Bd4 a6 32. Ra3 f4 33. Qf2 Rf8 34.
Rf3 Qe4 35. Bc3 Bb5 36. Kh2 Be2 37. Rg3+ fxg3+ 38. Qxg3+ Qg6 39. Qe3 Bf1 40. g4
Re8 41. Qd4 Qc2+ 42. Kg3 Qd3+ 0-1

[Event "SportAccord Rapid w 2014"]
[Site "Beijing CHN"]
[Date "2014.12.11"]
[Round "1.3"]
[White "Stefanova, Antoaneta"]
[Black "Paehtz, Elisabeth"]
[Result "1-0"]
[WhiteTitle "GM"]
[BlackTitle "IM"]
[WhiteElo "2517"]
[BlackElo "2485"]
[WhiteFideId "2902257"]
[BlackFideId "4641833"]
[EventDate "2014.12.11"]

1. d4 e6 2. Nf3 c5 3. e3 Nf6 4. Bd3 b6 5. O-O Bb7 6. c4 g6 7. d5 exd5 8. cxd5
Bxd5 9. e4 Bc6 10. e5 Nh5 11. Nc3 Qc7 12. Re1 Be7 13. Bh6 Bf8 14. Bg5 h6 15. Bf6
Rg8 16. Be4 Nf4 17. Nb5 Bxb5 18. Bxa8 Nc6 19. Qb3 Bd3 20. Qa4 Ne6 21. Nd2 b5 22.
Qd1 Qc8 23. Bxc6 Qxc6 24. a4 b4 25. b3 Nf4 26. f3 g5 27. Ne4 c4 28. bxc4 Qb6+
29. c5 Bxc5+ 30. Kh1 Bxe4 31. Rxe4 a5 32. Rc4 d5 33. exd6 Kd7 34. Rac1 Ne6 35.
Be5 f6 36. Bxf6 Qxd6 37. Qb3 Qf8 38. Rxc5 Qxf6 39. Qd5+ Ke7 40. Rc7+ Kf8 41.
Qa8+ Nd8 42. Rd1 Ke8 43. Rcd7 1-0

[Event "SportAccord Rapid w 2014"]
[Site "Beijing CHN"]
[Date "2014.12.11"]
[Round "1.5"]
[White "Ju, Wenjun"]
[Black "Muzychuk, Mariya"]
[Result "1/2-1/2"]
[WhiteTitle "GM"]
[BlackTitle "IM"]
[WhiteElo "2568"]
[BlackElo "2529"]
[WhiteFideId "8603006"]
[BlackFideId "14114550"]
[EventDate "2014.12.11"]

1. c4 c5 2. Nf3 Nc6 3. d4 cxd4 4. Nxd4 Nf6 5. Nc3 e6 6. a3 d5 7. cxd5 Nxd5 8.
Nxc6 bxc6 9. Bd2 Rb8 10. Qc2 Be7 11. e4 Nxc3 12. Bxc3 O-O 13. Be2 Qb6 14. O-O
Ba6 15. Rfd1 Rfd8 16. h3 h6 17. Be5 Rbc8 18. Bxa6 Qxa6 19. Rxd8+ Rxd8 20. Qc3
Rd3 21. Qc2 Bd6 22. Bxd6 Rxd6 23. Rc1 Qb5 24. b4 a5 25. bxa5 Qxa5 26. Rb1 e5 27.
a4 g6 28. Qa2 Rd2 29. Qa3 Qa7 30. Rf1 Rd4 31. a5 Rxe4 32. a6 Re2 33. Qa4 Rb2 34.
Qxc6 Ra2 35. Qe8+ Kh7 36. Qxe5 Rxa6 37. Rc1 Re6 38. Qf4 Kg7 39. Rc7 Qa1+ 40. Rc1
Re1+ 41. Rxe1 Qxe1+ 42. Kh2 Qe6 43. Qf3 Qe5+ 44. g3 h5 45. h4 Qd4 46. Kg2 Qe5
47. Kh2 Qd4 48. Kg2 Qe5 49. Kh2 Qd4 1/2-1/2

[Event "SportAccord Rapid w 2014"]
[Site "Beijing CHN"]
[Date "2014.12.11"]
[Round "1.6"]
[White "Cramling, Pia"]
[Black "Gunina, Valentina"]
[Result "1/2-1/2"]
[WhiteTitle "GM"]
[BlackTitle "GM"]
[WhiteElo "2518"]
[BlackElo "2522"]
[WhiteFideId "1700030"]
[BlackFideId "4167570"]
[EventDate "2014.12.11"]

1. d4 Nf6 2. c4 e6 3. Nf3 Bb4+ 4. Nbd2 O-O 5. a3 Be7 6. e3 b6 7. Bd3 Bb7 8. b4
d6 9. e4 c5 10. bxc5 dxc5 11. e5 Nfd7 12. Qc2 h6 13. Bh7+ Kh8 14. Be4 Nc6 15. d5
Ncxe5 16. dxe6 Bxe4 17. Qxe4 Nxf3+ 18. Nxf3 Bf6 19. Ra2 Re8 20. O-O Rxe6 21. Qd5
Nf8 22. Qf5 Qe8 23. Be3 Rd8 24. a4 Red6 25. a5 Rd1 26. axb6 axb6 27. g3 Rxf1+
28. Kxf1 Qc6 29. h4 b5 30. cxb5 Qxb5+ 31. Kg2 Rd1 32. Nd2 Qc6+ 33. Qf3 Qxf3+ 34.
Nxf3 Nd7 35. Ra8+ Kh7 36. Rc8 Rd5 37. Nd2 Bd4 38. Nc4 h5 39. Rc7 f6 40. Kf3 Bxe3
41. Nxe3 Rd4 42. Nf5 Rd5 43. Ne3 Ne5+ 44. Ke2 Rd4 45. Rxc5 Kg6 46. Rc7 Ra4 47.
Rc2 Kf7 48. Rc7+ Ke6 49. Kf1 g6 50. Rc2 Ra1+ 51. Kg2 Nd3 52. Re2 Kf7 53. Nd5 g5
54. hxg5 fxg5 55. f3 Ra5 56. Nc3 Ra3 57. Ne4 Kg6 58. Nf2 Nb4 59. Rd2 Ra5 60. Ne4
Nd5 61. Kf2 h4 62. Kg2 Ne3+ 63. Kf2 Nc4 64. Rc2 Ne5 65. Kg2 Ra3 66. gxh4 gxh4
67. Nd2 Ra1 68. Ne4 Kf5 69. Nf2 Ra3 70. Rc5 Ra2 71. Kf1 Ke6 72. Rc3 Kd5 73. Re3
Nc4 74. Re8 Ne5 75. Rf8 Nc4 76. Re8 Ra3 77. Kg2 Ra2 78. Kf1 Ne5 79. Rf8 Rb2 80.
Rf6 Nc4 81. Rf4 Rb1+ 82. Kg2 Ne3+ 83. Kh2 Rf1 84. Ng4 Nc2 85. Kg2 Re1 86. Kh3
Rh1+ 87. Kg2 Ra1 88. Kh3 Ne1 89. Rf5+ Kd4 90. Kxh4 Ra3 91. Kg3 Rxf3+ 92. Rxf3 1/2-1/2

[Event "SportAccord Rapid w 2014"]
[Site "Beijing CHN"]
[Date "2014.12.11"]
[Round "1.7"]
[White "Dzagnidze, Nana"]
[Black "Harika, Dronavalli"]
[Result "1/2-1/2"]
[WhiteTitle "GM"]
[BlackTitle "GM"]
[WhiteElo "2570"]
[BlackElo "2505"]
[WhiteFideId "13601903"]
[BlackFideId "5015197"]
[EventDate "2014.12.11"]

1. d4 Nf6 2. c4 d6 3. Nc3 Nbd7 4. Nf3 e5 5. g3 g6 6. Bg2 Bg7 7. O-O O-O 8. h3
Re8 9. e4 exd4 10. Nxd4 Nc5 11. Re1 Bd7 12. b4 Ne6 13. Nb3 h5 14. Qc2 h4 15. g4
Nh7 16. Be3 Be5 17. Rad1 Nf4 18. c5 Qf6 19. Nd5 Nxd5 20. exd5 Ba4 21. Qc4 b5 22.
Qc1 Bb2 23. Qc2 Be5 24. Re2 Ng5 25. Rd3 Nf3+ 26. Kh1 Bxb3 27. Rxb3 Nd4 28. Bxd4
Bxd4 29. Rf3 Qg7 30. c6 a6 31. Rf4 Rxe2 32. Qxe2 Be5 33. Re4 Qf6 34. Qd2 g5 35.
Qd3 Kg7 36. Kg1 a5 37. a3 axb4 38. Rxb4 Ra4 39. Re4 Rd4 40. Rxd4 Bxd4 41. Qe2
Qf4 42. Bf3 Qg3+ 43. Bg2 Qxa3 44. Qxb5 Qa2 45. Qf1 Qd2 46. Bf3 Be5 47. Qe2 Qc1+
48. Qd1 Qf4 49. Kf1 Qh2 50. Bg2 Qf4 51. Bf3 Bd4 52. Qd3 Be5 53. Be4 Qc1+ 54. Kg2
Qf4 55. Kf1 Qc1+ 56. Kg2 Qf4 57. Kf1 Bf6 58. Kg2 Be5 1/2-1/2

[Event "SportAccord Rapid w 2014"]
[Site "Beijing CHN"]
[Date "2014.12.11"]
[Round "1.8"]
[White "Khotenashvili, Bela"]
[Black "Muzychuk, Anna"]
[Result "1/2-1/2"]
[WhiteTitle "GM"]
[BlackTitle "GM"]
[WhiteElo "2504"]
[BlackElo "2545"]
[WhiteFideId "13602640"]
[BlackFideId "14111330"]
[EventDate "2014.12.11"]

1. d4 d5 2. Nf3 Nf6 3. Bg5 c5 4. e3 Nc6 5. c3 Qb6 6. Qb3 c4 7. Qc2 g6 8. Bxf6
exf6 9. e4 Be6 10. Nbd2 Na5 11. g3 Bg7 12. Bg2 O-O 13. O-O f5 14. exd5 Bxd5 15.
Nh4 Bxg2 16. Nxg2 Rfe8 17. Rfe1 Qc6 18. b4 cxb3 19. axb3 Rxe1+ 20. Nxe1 b6 21.
Nef3 f4 22. Qd3 fxg3 23. hxg3 Rc8 24. c4 Qd6 25. Re1 Qb4 26. d5 Nb7 27. Ne4 a5
28. d6 Rd8 29. d7 a4 30. bxa4 Qxa4 31. Rd1 Qc6 32. Qd5 Qxd5 33. Rxd5 Kf8 34. Rb5
Rxd7 35. Rxb6 Rc7 36. Nfd2 Ke7 37. Kg2 Na5 38. Rb5 Nc6 39. Rc5 f5 40. Ng5 Bd4
41. Rd5 h6 42. Ngf3 Bf6 43. Rc5 Kd6 44. Rd5+ Ke6 45. Nb3 Nb4 46. Rb5 Nd3 47.
Nbd4+ Kf7 48. Rb3 Ne5 49. Nxe5+ Bxe5 50. Nf3 Bf6 51. Rb4 h5 52. Ra4 Rb7 53. c5
Rc7 54. Ra5 Be7 55. Ne5+ Kg7 56. Nd3 Kf7 57. Ne5+ Kg7 58. Nd3 Kf7 59. Ne5+ 1/2-1/2

[Event "SportAccord Rapid w 2014"]
[Site "Beijing CHN"]
[Date "2014.12.11"]
[Round "2.1"]
[White "Kosintseva, Tatiana"]
[Black "Stefanova, Antoaneta"]
[Result "1/2-1/2"]
[WhiteTitle "GM"]
[BlackTitle "GM"]
[WhiteElo "2483"]
[BlackElo "2517"]
[WhiteFideId "4133471"]
[BlackFideId "2902257"]
[EventDate "2014.12.11"]

1. e4 e5 2. Nf3 Nc6 3. Bb5 Nf6 4. d3 d6 5. O-O Be7 6. c3 a6 7. Ba4 O-O 8. Re1 b5
9. Bc2 d5 10. Nbd2 dxe4 11. dxe4 Be6 12. a4 Qb8 13. Qe2 Qb7 14. Bd3 Rab8 15. Nf1
Rfd8 16. Ng3 h6 17. b4 Bd6 18. h3 Ne7 19. axb5 axb5 20. Be3 Ng6 21. Ra5 Qc6 22.
Rc1 Nf4 23. Bxf4 exf4 24. Nd4 Qe8 25. e5 fxg3 26. exd6 gxf2+ 27. Qxf2 c6 28. Qg3
Qd7 29. Ra6 Rbc8 30. Qe5 Qxd6 31. Qxd6 Rxd6 32. Bxb5 Bd5 33. Bd3 Rd7 34. Bf5
Rdc7 35. Bxc8 Rxc8 36. Rca1 c5 37. Nf5 Re8 38. Nxh6+ Kh7 39. Ng4 Nxg4 40. hxg4
Re2 41. bxc5 Rxg2+ 42. Kf1 Rxg4 43. Rd6 Be6 44. c6 Rc4 45. Ra3 g5 46. Ke2 g4 47.
Kd3 Rc5 48. Kd4 Rc4+ 49. Kd3 Rc5 50. Ra4 g3 51. Ra1 Kg7 52. Rg1 Kf6 53. Rxg3 Ke7
54. Rd4 Rxc6 55. Rb4 Rd6+ 56. Ke3 Rd1 57. Rg2 Rc1 58. Kd3 Kd6 59. Kd2 Ra1 60.
Rg8 Kc5 61. Rg5+ f5 62. Rg6 Bd5 63. Rgb6 Bc4 64. Rb8 Bd5 65. Rc8+ Kd6 66. c4 Be4
67. Rb6+ Ke5 68. Kc3 Rc1+ 69. Kb4 Kd4 70. Rd6+ Ke3 71. c5 Rb1+ 72. Ka5 Ra1+ 73.
Kb6 Rb1+ 74. Kc7 f4 75. Re8 f3 76. Rf6 Rc1 77. c6 Kd4 78. Rf4 Re1 79. Rxf3 Bxc6
80. Rf4+ Re4 81. Rexe4+ Bxe4 82. Kd6 Ke3 83. Ke5 Bd3 84. Rh4 Bc2 85. Rh3+ Kd2
86. Kd4 Bg6 87. Rh6 Bf5 88. Rf6 Bh7 89. Ra6 Kc2 90. Rh6 Bf5 91. Kc4 Kb2 92. Rh1
Be6+ 93. Kb4 Bf5 94. Rf1 Bg6 95. Rf6 Bh7 96. Rh6 Bf5 97. Rh2+ Ka1 98. Kb3 Be6+
99. Ka3 Bf5 100. Rf2 Bh7 101. Kb3 Bg8+ 102. Kc2 Bh7+ 103. Kc1 Bg8 104. Rf8 Bd5
105. Rd8 Be6 106. Rd6 Bg8 107. Rf6 Bd5 108. Kc2 Be4+ 109. Kb3 Bd5+ 110. Ka3 Be4
111. Rb6 Bh7 112. Kb3 Bg8+ 113. Kc2 Bh7+ 114. Kc1 Bg8 115. Rf6 Bd5 116. Rf5 Bg8
117. Ra5+ Ba2 118. Re5 Bf7 119. Rg5 Bb3 120. Rg3 Be6 121. Re3 Bf7 122. Kc2 Bg6+
123. Kb3 Bf7+ 124. Ka3 Bg6 125. Re1+ Bb1 126. Rxb1+ 1/2-1/2

[Event "SportAccord Rapid w 2014"]
[Site "Beijing CHN"]
[Date "2014.12.11"]
[Round "2.3"]
[White "Harika, Dronavalli"]
[Black "Ju, Wenjun"]
[Result "1/2-1/2"]
[WhiteTitle "GM"]
[BlackTitle "GM"]
[WhiteElo "2505"]
[BlackElo "2568"]
[WhiteFideId "5015197"]
[BlackFideId "8603006"]
[EventDate "2014.12.11"]

1. d4 Nf6 2. Nf3 g6 3. Nbd2 Bg7 4. e4 d6 5. Bd3 O-O 6. O-O Nc6 7. c3 e5 8. h3
Nh5 9. Nb3 a6 10. Re1 h6 11. Bf1 Nf4 12. Bxf4 exf4 13. Nc1 g5 14. Nd3 Ne7 15. e5
Ng6 16. Qb3 h5 17. exd6 cxd6 18. Qd5 g4 19. Nh2 Qh4 20. Qxd6 gxh3 21. Nf3 Qg4
22. Nh2 Qg5 23. Nf3 Qg4 24. Nh2 Qg5 25. Nf3 Qg4 26. Nh2 Qg5 27. Nf3 1/2-1/2

[Event "SportAccord Rapid w 2014"]
[Site "Beijing CHN"]
[Date "2014.12.11"]
[Round "2.4"]
[White "Gunina, Valentina"]
[Black "Ushenina, Anna"]
[Result "1-0"]
[WhiteTitle "GM"]
[BlackTitle "GM"]
[WhiteElo "2522"]
[BlackElo "2494"]
[WhiteFideId "4167570"]
[BlackFideId "14110911"]
[EventDate "2014.12.11"]

1. Nf3 d5 2. g3 c6 3. Bg2 Bg4 4. c4 Nf6 5. cxd5 Bxf3 6. Bxf3 cxd5 7. Qb3 Qd7 8.
O-O Nc6 9. Bg2 e6 10. d3 Be7 11. Nc3 O-O 12. e4 Na5 13. Qd1 dxe4 14. dxe4 Rfd8
15. Qe2 Qd3 16. Qxd3 Rxd3 17. e5 Ng4 18. Re1 Bc5 19. Re2 Nc6 20. Bxc6 bxc6 21.
Bf4 Bd4 22. Rc1 g5 23. Bxg5 Nxe5 24. Kg2 Nf3 25. Bh6 Rc8 26. Nb5 Bb6 27. Re4 Kh8
28. Ra4 a5 29. Na3 Bd4 30. Nc4 Rg8 31. Rxa5 Nh4+ 32. Kf1 Nf5 33. Ke2 Nxh6 34.
Kxd3 Bxf2 35. Ne5 Rd8+ 36. Ke2 Bd4 37. Rd1 Rd6 38. Nxc6 Rxc6 39. Rxd4 Nf5 40.
Rd8+ Kg7 41. Ra7 e5 42. Rdd7 Nd6 43. a4 Kg6 44. b4 Nf5 45. Rac7 Nd4+ 46. Kd3 Rf6
47. Rxd4 exd4 48. a5 Rf2 49. Rc2 Rf3+ 50. Kxd4 Rb3 51. Kc5 f5 52. a6 Kg5 53. b5
Ra3 54. Kb6 h5 55. a7 h4 56. Kb7 hxg3 57. hxg3 1-0

[Event "SportAccord Rapid w 2014"]
[Site "Beijing CHN"]
[Date "2014.12.11"]
[Round "2.5"]
[White "Muzychuk, Mariya"]
[Black "Dzagnidze, Nana"]
[Result "0-1"]
[WhiteTitle "IM"]
[BlackTitle "GM"]
[WhiteElo "2529"]
[BlackElo "2570"]
[WhiteFideId "14114550"]
[BlackFideId "13601903"]
[EventDate "2014.12.11"]

1. e4 e6 2. d4 d5 3. exd5 exd5 4. Nf3 Nf6 5. h3 Bf5 6. Bd3 Be4 7. O-O Be7 8. Re1
Nc6 9. c3 O-O 10. Bg5 Re8 11. Bxf6 Bxf3 12. Qxf3 Bxf6 13. Na3 Ne7 14. Nc2 c6 15.
Ne3 Ng6 16. Ng4 Qd6 17. Nxf6+ gxf6 18. g3 Re6 19. h4 Rae8 20. Rxe6 Qxe6 21. h5
Nf8 22. Kg2 Kg7 23. Rh1 h6 24. Rh4 Nh7 25. Bf5 Qe2 26. Bxh7 Qxf3+ 27. Kxf3 Kxh7
28. Rh1 Kg7 29. a3 f5 30. Rg1 Kf6 31. Rh1 Kg5 32. a4 Re4 33. a5 Re7 34. b3 Re4
35. b4 a6 36. Rg1 Kxh5 37. Rh1+ Kg5 38. Rg1 h5 39. Rh1 f4 40. Rg1 fxg3 41. fxg3
f5 42. Rh1 f4 43. gxf4+ Rxf4+ 44. Kg2 h4 45. Re1 Re4 46. Rf1 Re2+ 47. Kg1 Re7
48. Rf8 Kg4 49. Rg8+ Kf3 50. Rh8 Rg7+ 51. Kh2 Ke3 52. Rxh4 Kd3 53. Rh3+ Kc4 54.
Re3 Rg4 55. Rf3 Re4 56. Kg2 Re2+ 57. Kf1 Rc2 58. Rf7 Rxc3 59. Rxb7 Kxd4 60. Rb6
Ke3 61. Rxa6 d4 62. Ra8 Rc1+ 63. Kg2 d3 64. Re8+ Kd4 65. Rd8+ Kc3 66. b5 cxb5
67. Rc8+ Kb2 68. Rxc1 Kxc1 69. a6 d2 70. a7 d1=Q 71. a8=Q Qd2+ 72. Kf3 b4 73.
Qa1+ Kc2 74. Qa2+ Kc3 75. Qa1+ Kb3 76. Qb1+ Ka4 77. Qa1+ Kb5 78. Qe5+ Kc4 79.
Qc7+ Kb3 80. Qf7+ Ka3 81. Qe7 Kb2 82. Kg4 Qd4+ 83. Kh5 b3 84. Qe2+ Kc3 85. Qe1+
Kd3 86. Qf1+ Kc2 87. Qg2+ Kc3 88. Qf3+ Kc4 89. Qf1+ Kb4 90. Qe1+ Ka4 91. Qe8+
Ka3 92. Qa8+ Kb4 93. Qb7+ Kc4 94. Qa6+ Kc3 95. Qc6+ Qc4 96. Qf6+ Kb4 97. Kh6
Qc1+ 98. Kh7 Qc2+ 99. Kh6 b2 100. Qb6+ Ka3 101. Qd6+ Ka2 102. Qa6+ Kb1 103. Kg7
Qg2+ 104. Kh8 Qh3+ 105. Kg8 Qg4+ 106. Kh8 Qd4+ 107. Kh7 Qe4+ 108. Kh6 Kc2 109.
Qc8+ Kd1 110. Qd8+ Ke2 0-1

[Event "SportAccord Rapid w 2014"]
[Site "Beijing CHN"]
[Date "2014.12.11"]
[Round "2.6"]
[White "Muzychuk, Anna"]
[Black "Cramling, Pia"]
[Result "1/2-1/2"]
[WhiteTitle "GM"]
[BlackTitle "GM"]
[WhiteElo "2545"]
[BlackElo "2518"]
[WhiteFideId "14111330"]
[BlackFideId "1700030"]
[EventDate "2014.12.11"]

1. e4 c5 2. Nf3 Nc6 3. Bb5 e6 4. O-O Nge7 5. Re1 Nd4 6. Bd3 Nec6 7. b3 Nxf3+ 8.
Qxf3 Ne5 9. Qg3 Nxd3 10. cxd3 h5 11. Bb2 h4 12. Qf3 Qg5 13. Qe3 Qxe3 14. dxe3 d6
15. h3 Bd7 16. Nd2 f6 17. d4 Bc6 18. Rac1 Be7 19. f3 Rc8 20. Nc4 b6 21. Red1 d5
22. exd5 exd5 23. Nd2 Kf7 24. dxc5 bxc5 25. Ba3 Bb5 26. Nb1 Rhd8 27. Nc3 Bc6 28.
Ne2 Bb7 29. Rc2 g5 30. Rdc1 Ba6 31. Kf2 Bd3 32. Rd2 c4 33. Bxe7 Kxe7 34. bxc4
dxc4 35. Rcd1 Rc6 36. Nc1 Ra6 37. Nxd3 cxd3 38. Rb1 Rd5 39. e4 Rda5 40. Rbb2 Ke6
41. Ke3 Ra3 42. Rf2 d2+ 43. Kxd2 Rxa2 44. Ke3 R6a3+ 45. Kd4 Ra4+ 46. Ke3 R4a3+
47. Kd4 Ra4+ 1/2-1/2

[Event "SportAccord Rapid w 2014"]
[Site "Beijing CHN"]
[Date "2014.12.11"]
[Round "2.8"]
[White "Paehtz, Elisabeth"]
[Black "Koneru, Humpy"]
[Result "1-0"]
[WhiteTitle "IM"]
[BlackTitle "GM"]
[WhiteElo "2485"]
[BlackElo "2581"]
[WhiteFideId "4641833"]
[BlackFideId "5008123"]
[EventDate "2014.12.11"]

1. e4 e5 2. Nf3 Nc6 3. Bc4 Bc5 4. c3 Nf6 5. d3 O-O 6. Bb3 d5 7. Qe2 h6 8. h3
dxe4 9. dxe4 Nh5 10. g3 Qf6 11. Nbd2 Be6 12. Bc2 Ne7 13. Nh4 g6 14. Nb3 Bc4 15.
Qf3 Bxb3 16. axb3 Kg7 17. Qe2 a5 18. Ng2 Qe6 19. Ne3 Nf6 20. Kf1 c6 21. Nc4 b6
22. Kg2 Rad8 23. Rf1 Nc8 24. f4 exf4 25. gxf4 Rfe8 26. e5 Qd5+ 27. Kh2 Ng8 28.
Be4 Qd7 29. f5 b5 30. fxg6 fxg6 31. Qg2 Re6 32. Nxa5 Nce7 33. Bf4 Qc7 34. b4 Bb6
35. Rad1 Rxd1 36. Rxd1 Bxa5 37. bxa5 Qxa5 38. Rd6 Kf7 39. Qg4 Rxd6 40. exd6 Nf6
41. Qf3 Qa4 42. Be5 Ng8 43. d7 Qa5 44. Bxc6 b4 45. Bd4 bxc3 46. Bxc3 Qc7+ 47.
Qg3 Qd8 48. Qd6 g5 49. b4 g4 50. b5 gxh3 51. Kxh3 h5 52. Bd4 Kg6 53. b6 1-0

[Event "SportAccord Rapid w 2014"]
[Site "Beijing CHN"]
[Date "2014.12.11"]
[Round "3.1"]
[White "Stefanova, Antoaneta"]
[Black "Zhao, Xue"]
[Result "1/2-1/2"]
[WhiteTitle "GM"]
[BlackTitle "GM"]
[WhiteElo "2517"]
[BlackElo "2514"]
[WhiteFideId "2902257"]
[BlackFideId "8601283"]
[EventDate "2014.12.11"]

1. Nf3 Nf6 2. g3 b5 3. Bg2 d5 4. O-O e6 5. d3 Be7 6. Nbd2 O-O 7. e4 c5 8. Re1
Nc6 9. a4 b4 10. b3 Ba6 11. Bb2 Rc8 12. exd5 Nxd5 13. Ne5 Nd4 14. f4 Nc3 15.
Bxc3 bxc3 16. Ne4 Qa5 17. Ra2 f6 18. Nf3 Rcd8 19. Qa1 f5 20. Qxc3 Qb6 21. a5 Qb8
22. Nxc5 Nxf3+ 23. Bxf3 Bf6 24. Nxa6 Bxc3 25. Nxb8 Bxe1 26. Nc6 Rd7 27. Ra4 Bd2
28. Kf2 g5 29. Rc4 gxf4 30. gxf4 Kg7 31. b4 Kf6 32. b5 Rb7 33. Ke2 Bc1 34. b6
axb6 35. a6 Rc7 36. Rb4 Ra8 37. a7 Raxa7 38. Nxa7 Rxa7 39. h3 Rc7 40. c4 Bxf4
41. Rxb6 Ke5 42. Rb7 Kd4 43. Rxc7 Bxc7 44. Bb7 e5 45. Bc8 f4 46. Bf5 h5 47. Kf3
h4 1/2-1/2

[Event "SportAccord Rapid w 2014"]
[Site "Beijing CHN"]
[Date "2014.12.11"]
[Round "3.2"]
[White "Khotenashvili, Bela"]
[Black "Gunina, Valentina"]
[Result "0-1"]
[WhiteTitle "GM"]
[BlackTitle "GM"]
[WhiteElo "2504"]
[BlackElo "2522"]
[WhiteFideId "13602640"]
[BlackFideId "4167570"]
[EventDate "2014.12.11"]

1. Nf3 Nf6 2. g3 d5 3. Bg2 c6 4. c4 Bg4 5. Ne5 Bf5 6. cxd5 cxd5 7. Qb3 Qc7 8.
Nc3 e6 9. g4 Bg6 10. h4 Qxe5 11. Qxb7 Be7 12. h5 Bc2 13. Qxa8 O-O 14. Qxa7 Nc6
15. Qe3 Qb8 16. d4 Nxg4 17. Qf4 Qxf4 18. Bxf4 Nxd4 19. e3 Nc6 20. O-O Bf5 21. a3
Na5 22. b4 Nb3 23. Ra2 Rc8 24. e4 dxe4 25. Nxe4 e5 26. Bg3 Be6 27. Rb2 f5 28.
Bh3 Nd4 29. Bxg4 fxg4 30. Nd2 Bf6 31. Re1 e4 32. Rxe4 Rc1+ 33. Kh2 Bd5 34. Be5
Bxe4 35. Bxf6 Rh1+ 36. Kg3 Ne2+ 37. Kxg4 Rg1+ 38. Kh4 Bf5 39. Be5 Rg4+ 40. Kh3
Re4+ 41. Kh2 Rxe5 42. Nf3 Re8 43. b5 Bc8 44. a4 Bb7 45. Ng1 Nd4 46. a5 Re5 47.
a6 Rxh5+ 48. Kg3 Bc8 49. Rd2 Rg5+ 50. Kf4 Ne6+ 51. Ke3 Rxb5 52. Ra2 Nc7 53. Rc2
Nd5+ 54. Kd4 Bxa6 55. Nf3 Nf6 56. Rc7 Rb4+ 57. Ke5 Re4+ 58. Kf5 Bd3 59. Ne5 Rc4+ 0-1

[Event "SportAccord Rapid w 2014"]
[Site "Beijing CHN"]
[Date "2014.12.11"]
[Round "3.3"]
[White "Dzagnidze, Nana"]
[Black "Kosintseva, Tatiana"]
[Result "1-0"]
[WhiteTitle "GM"]
[BlackTitle "GM"]
[WhiteElo "2570"]
[BlackElo "2483"]
[WhiteFideId "13601903"]
[BlackFideId "4133471"]
[EventDate "2014.12.11"]

1. d4 Nf6 2. c4 e6 3. Nf3 Bb4+ 4. Bd2 a5 5. Qc2 d5 6. e3 O-O 7. Bd3 Nc6 8. a3
Bd6 9. c5 Be7 10. O-O h6 11. Nc3 e5 12. Nxe5 Nxe5 13. dxe5 Ng4 14. f4 d4 15. Ne4
dxe3 16. Bc3 Nf2 17. Nxf2 exf2+ 18. Kxf2 Bxc5+ 19. Kg3 Be6 20. h3 a4 21. Kh2 Bd4
22. Qe2 Bxc3 23. bxc3 f5 24. Rab1 b6 25. Rfd1 Qe7 26. Bc4 Kh7 27. Bxe6 Qxe6 28.
Rb4 Rfd8 29. Rxd8 Rxd8 30. Rxa4 Qb3 31. Rd4 Re8 32. Qd3 Qe6 33. Rd7 Rc8 34. c4
Qg6 35. Rd8 Rxd8 36. Qxd8 Qc6 37. Qd5 Qe8 38. e6 Qe7 39. Qxf5+ Kg8 40. a4 c6 41.
Qe4 c5 42. Qf5 Qc7 43. Kg3 Qa7 44. Qf7+ Qxf7 45. exf7+ Kxf7 46. f5 1-0

[Event "SportAccord Rapid w 2014"]
[Site "Beijing CHN"]
[Date "2014.12.11"]
[Round "3.5"]
[White "Ju, Wenjun"]
[Black "Paehtz, Elisabeth"]
[Result "1/2-1/2"]
[WhiteTitle "GM"]
[BlackTitle "IM"]
[WhiteElo "2568"]
[BlackElo "2485"]
[WhiteFideId "8603006"]
[BlackFideId "4641833"]
[EventDate "2014.12.11"]

1. d4 e6 2. c4 Bb4+ 3. Bd2 a5 4. g3 d6 5. Bg2 Nc6 6. e3 e5 7. Ne2 Bg4 8. h3 Bxe2
9. Qxe2 exd4 10. exd4+ Qe7 11. Bxc6+ bxc6 12. Nc3 Qxe2+ 13. Kxe2 Kd7 14. Kd3 Ne7
15. Na4 Bxd2 16. Kxd2 h5 17. Rae1 Rh6 18. Re2 Rf6 19. Rhe1 Re6 20. h4 Nf5 21.
Kd3 Rae8 22. Nc3 Rb8 23. b3 Ra8 24. Ne4 Rb8 25. Nc3 Ra8 26. Rxe6 fxe6 27. Ne2
Rh8 28. Ke4 Rf8 29. Rd1 Nh6 30. Nf4 Ng4 31. Rd2 Rf5 32. f3 Nf6+ 33. Ke3 c5 34.
dxc5 Rxc5 35. Nd3 Rf5 36. Rg2 Ke7 37. Rg1 Nd7 38. g4 hxg4 39. fxg4 Rf8 40. h5 e5
41. g5 Rh8 42. Rh1 Nf8 43. Kf3 Ne6 44. Kg4 Rf8 45. h6 gxh6 46. gxh6 Rg8+ 47. Kf5
Nd4+ 48. Ke4 Rg4+ 49. Ke3 Nf5+ 50. Kf3 Rg8 51. h7 Rh8 52. Rh2 Kf6 53. Ke4 Nd4
54. Kd5 Ke7 55. Rh3 c6+ 56. Ke4 Ne6 57. Kf5 Rf8+ 58. Kg6 Rf6+ 59. Kh5 Rf8 60.
Rg3 Rh8 61. Kh6 Kf7 62. c5 e4 63. cxd6 exd3 64. Rxd3 Nf8 65. Rf3+ Ke6 66. Kg7
Rxh7+ 67. Kxf8 Kxd6 68. Rf4 Kc5 69. Ra4 Kb5 70. Ke8 Rg7 71. Kd8 Rf7 72. Kc8 c5
73. Kd8 Rh7 74. Ke8 Ra7 75. Kd8 Rf7 76. Ke8 Rc7 77. Kd8 Rh7 78. Ke8 Ka6 79. Kd8
Rb7 80. Kc8 Rg7 81. Kd8 Kb6 82. Kc8 Kc6 83. Kd8 Rd7+ 84. Ke8 Ra7 85. Kd8 Kb6 86.
Kc8 Kb5 87. Kb8 Rd7 88. Kc8 Rd4 89. Ra3 a4 90. Kc7 axb3 91. Rxb3+ Kc4 92. Kb6
Rd6+ 93. Ka5 Rd2 94. Rh3 Rxa2+ 95. Kb6 Rb2+ 96. Kc6 Rd2 97. Rh5 Kb4 98. Rxc5 1/2-1/2

[Event "SportAccord Rapid w 2014"]
[Site "Beijing CHN"]
[Date "2014.12.11"]
[Round "3.6"]
[White "Harika, Dronavalli"]
[Black "Muzychuk, Anna"]
[Result "0-1"]
[WhiteTitle "GM"]
[BlackTitle "GM"]
[WhiteElo "2505"]
[BlackElo "2545"]
[WhiteFideId "5015197"]
[BlackFideId "14111330"]
[EventDate "2014.12.11"]

1. d4 d5 2. Nf3 Nf6 3. e3 c5 4. Nbd2 e6 5. Bd3 Nc6 6. O-O Bd6 7. c3 O-O 8. dxc5
Bxc5 9. b4 Bb6 10. Ba3 Re8 11. e4 Ng4 12. b5 Nce5 13. Nxe5 Nxe5 14. Nf3 Nxd3 15.
Qxd3 dxe4 16. Qxe4 Qd5 17. Qe2 Qh5 18. Qe5 Qxe5 19. Nxe5 Bc7 20. Rfe1 a6 21.
bxa6 Rxa6 22. Bb4 Rd8 23. a3 f6 24. Nc4 b5 25. Ne3 Bb7 26. Rad1 Raa8 27. Rxd8+
Rxd8 28. c4 bxc4 29. Nxc4 Kf7 30. h3 h5 31. Rc1 Bb8 32. Nd6+ Rxd6 33. Bxd6 Bxd6
34. a4 Ke7 35. Rb1 Be4 36. Rb5 Bc6 37. Rxh5 Bxa4 38. Ra5 Bd7 39. g4 e5 40. Ra7
g5 41. Rb7 Ke6 42. Ra7 Bc6 43. Ra6 Bf3 44. Ra5 f5 45. gxf5+ Kxf5 46. Ra7 e4 47.
Rf7+ Kg6 48. Rd7 Bf4 49. Re7 Kf6 50. Re8 Kf7 51. Rc8 Ke6 52. Rd8 Ke5 53. Rd7 Bh5
54. Rd8 Bf7 55. Kg2 Bd5 56. Kg1 e3 57. fxe3 Bxe3+ 58. Kh2 Bf4+ 59. Kg1 Bg3 60.
Rf8 Be4 61. Re8+ Kf4 62. Rf8+ Ke3 63. Rf7 Bf4 64. Ra7 Kf3 65. Ra3+ Be3+ 66. Kh2
Bf5 67. Rb3 Kf2 68. Rb2+ Kf3 69. Rb3 Be6 70. Ra3 Bc4 71. Rc3 Bf1 72. Ra3 Be2 73.
Ra4 Bf1 74. Rg4 Bf4+ 75. Kg1 Bxh3 76. Rg2 Bf5 77. Rf2+ Kg3 78. Re2 g4 79. Re1
Bd3 80. Re8 Bb5 81. Re7 Kf3 82. Rf7 g3 83. Rf8 Bc4 84. Rf6 Bd3 85. Rf8 Be4 86.
Rf7 Kg4 87. Rg7+ Kh3 88. Kf1 Bd3+ 89. Ke1 Be3 90. Rg8 g2 91. Rh8+ Kg3 92. Rg8+
Kf3 93. Rf8+ Bf4 0-1